000 00569nam a22001817a 4500
005 20150721105054.0
010 _aENG-113198
020 _a9789351431732
_c395.00
035 _aEN-96730
037 _bDBAD/PUB
082 _a342.54
245 _aConstitution of India and Indian polity :
_b50+1 test bank
260 _aGurgaon
_bLexis Nexis
_c2013
270 _a14th Floor, Building no 10 Tower, DLF Cyber City, Phase-II,
_bGurgaon
_e122002
300 _avi,404p.
_c24cm(pbk)
490 _aCatapult test prep series
942 _2ddc
_cEN
_mCON
_h342.54
999 _c93829
_d93829